| 000 | 00872nam a2200229 4500 | ||
|---|---|---|---|
| 008 | b xx# ara u | ||
| 010 | _a50911 | ||
| 040 | _aLB-BrCRDP | ||
| 082 | _a170/B869i | ||
| 100 | 1 | _a.برونوسكي، ج | |
| 130 | 1 | _lAR | |
| 245 | 1 | 0 |
_a.العلم والقيم الانسانية _cج. برونوسكي؛ ترجمة وتقديم عدنان خالد؛ مراجعة جميل الملائكة |
| 260 |
_aبغداد _bدار المأمون _c1989 |
||
| 300 |
_a198، [6]ص. : _bرسوم ؛ _c24 سم. |
||
| 500 | _aالعنوان الاصلي: Science and human values | ||
| 650 | _aالقيم الاخلاقية | ||
| 650 |
_aالاخلاق _xفلسفة ونظريات |
||
| 700 | 1 | 0 | _aخالد، عدنان، مترجم |
| 700 | 1 | 0 | _aالملائكة، جميل، مراجع |
| 942 | _cBK | ||
| 999 |
_c15209 _d15209 |
||